000 01405nam2a2200301 4500
001 RU\NLR\BIBL_A\012365281
005 20201016132246.0
010 _a978-5-6043925-4-6
_930
021 _aRU
_bКН-П-20-031512
_9КН-П-20-2417
035 _a(NLR Aleph) 012365281
035 _a(RuMoRGB)010348955
090 _a11548317
_c11548317
100 _a20200928d2020 u y0rusy50 ca
101 0 _arus
102 _aRU
105 _ab|||z|||000zy
200 1 _aАвгуст. Направление Орел - Брянск
210 _d2020
215 _a364 с.
_cкарт.
461 0 _1001RU\NLR\BIBL_A\012365274
_12001#$aКороткие хроники долгой войны. Год 1943$eальбом-календарь$fА.В. Моргунов, Н.А. Моргунова$vЧ. 1
_1700#1$aМоргунов$bА. В.$gАндрей Викторович
_911548272
_aМоргунов, А. В.
_cБрянск
_d2020
_fА.В. Моргунов, Н.А. Моргунова
_nДубльлайн
_oальбом-календарь
_tКороткие хроники долгой войны. Год 1943
_vЧ. 1
517 1 _aНаправление Орел-Брянск
606 1 _aОрловская операция
_jАльбомы
_z1943
_92567486
_3RU\NLR\AUTH\661518442
686 1 _aЦ35(2)722.321я61
942 _cBOOK
980 _aNBR
980 _aNB